=LDR 00000nam 2200000 4500 =001 INLIS000000000008510 =005 20130612100351 =008 ***********************************Ind** =035 ##$$0010-061300000008510 =041 ##$$a Ind =082 ##$$a 372.7 =090 ##$$a 372.7, Mud m =100 ##$$a Suratno H.P =245 ##$$a Mudah Belajar Matimatika 1 B, Drs.Suratno H.P.M.M =260 ##$$a 1999 $b Jakarta =300 ##$$a iv, 92 hlm, 28 cm =650 ##$$a Matimatika =850 ##$$a NBPNMAT